|
|
|
|
| LEADER |
00000cam a2200000 7i4500 |
| 001 |
0000041576 |
| 005 |
20001201.0 |
| 090 |
0 |
0 |
|a 793.73
|b JIG
|
| 245 |
0 |
0 |
|a Jigsaw Puzzle [
|h games] :
|b L
|
| 300 |
|
|
|a 1 board games, 48 pieces
|
| 650 |
0 |
0 |
|a Indoor games
|
| 999 |
|
|
|a G000286
|b PUZZLE (CHILDREN)
|c GAMES
|e PERPUSTAKAAN KOMUNITI PETALING JAYA
|
| 999 |
|
|
|a G000287
|b PUZZLE (CHILDREN)
|c GAMES
|e PERPUSTAKAAN KOMUNITI PETALING JAYA
|
| 999 |
|
|
|a G000288
|b PUZZLE (CHILDREN)
|c GAMES
|e PERPUSTAKAAN KOMUNITI PETALING JAYA
|
| 999 |
|
|
|a G000289
|b PUZZLE (CHILDREN)
|c GAMES
|e PERPUSTAKAAN KOMUNITI PETALING JAYA
|
| 999 |
|
|
|a G000290
|b PUZZLE (CHILDREN)
|c GAMES
|e PERPUSTAKAAN KOMUNITI PETALING JAYA
|
| 999 |
|
|
|a G000291
|b PUZZLE (CHILDREN)
|c GAMES
|e PERPUSTAKAAN KOMUNITI PETALING JAYA
|
| 999 |
|
|
|a G000292
|b PUZZLE (CHILDREN)
|c GAMES
|e PERPUSTAKAAN KOMUNITI PETALING JAYA
|
| 999 |
|
|
|a G000293
|b PUZZLE (CHILDREN)
|c GAMES
|e PERPUSTAKAAN KOMUNITI PETALING JAYA
|
| 999 |
|
|
|a G000294
|b PUZZLE (CHILDREN)
|c GAMES
|e PERPUSTAKAAN KOMUNITI PETALING JAYA
|
| 999 |
|
|
|a G000295
|b PUZZLE (CHILDREN)
|c GAMES
|e PERPUSTAKAAN KOMUNITI PETALING JAYA
|